| 000 | 01238nam a22002657i 4500 | ||
|---|---|---|---|
| 999 |
_c23020 _d23020 |
||
| 003 | AR-CdUCM | ||
| 008 | 240909b20222022spa||||| |||| 00| 0 spa d | ||
| 020 | _a978-84-9917-367-2 | ||
| 040 |
_aMUNICIPALIDAD PROVINCIAL DEL CUSCO _cBIBLIOTECA MUNICIPAL DEL CUSCO |
||
| 041 | _hspa | ||
| 082 |
_2 _a622 / L34 _bL34 |
||
| 100 |
_aLeblanc, Alexandra _950291 |
||
| 245 |
_aTécnicas Prácticas de Respiración : _bEjercicios para aprender a respirar bien y descubrir sus beneficios para la salud / |
||
| 260 |
_aBarcelona : _bRedbook ediciones S.l. Barcelona _c 2022 |
||
| 300 |
_a155 Páginas. : _c21.5 cm |
||
| 500 | _zBibliografía: página 155 | ||
| 505 | _aLa respiración, generadora de energía vital -- La respiración que nos mueve -- Estructuras de la respiración -- Como afecta el estrés diario a la respiración -- La apertura del cuerpo hacia la respiración -- Respiración mas profunda -- Prestar atención a la respiración | ||
| 650 |
_aRespiración _920006 |
||
| 650 |
_aTécnicas de respiración _950292 |
||
| 650 |
_aPrácticas de respiración _950293 |
||
| 650 |
_aEstimulación de la respiración _950294 |
||
| 650 |
_aImportancia de la respiración _950646 |
||
| 942 |
_2ddc _cLIBROS |
||
| 945 |
_apbj _d2024-09-09 |
||